00434 2200181 4500001002100000005001700021035002400038040001200062082000800074084001600082100002100098245004500119260002500164300002600189650001000215850001200225990001500237YOGYA00000000000422120170126143604.0 0010-081400000003939 aYOPDYOG a813 aK 813 Wib S aWibisono, A Soni aSerangan akhir tahun /cWibisono, A Soni aBandungbRosdac1985 a95 hlm.bilus.c18 cm aFiksi aYOPDYOG a38207-P/93